000 00919cam a2200265 a 4500
999 _c4476
_d4476
001 2598212
003 OSt
005 20190405160407.0
008 970604s1997 tnub 000 0 eng
010 _a 97025241
020 _a0785212477
040 _aDLC
_cDLC
_dDLC
050 0 0 _aBS490
_b.H5 1997
082 0 0 _aREF 220.77
_221
_bH521M
100 1 _aHenry, Matthew,
_d1662-1714.
245 0 0 _aMatthew Henry's concise commentary on the whole Bible.
246 3 0 _aConcise commentary on the whole Bible
260 _aNashville :
_bT. Nelson,
_cc1997.
300 _a1331 p. :
_bmaps ;
_c24 cm.
630 0 0 _aBible
_xCommentaries.
856 4 2 _3Publisher description
_uhttp://www.loc.gov/catdir/enhancements/fy0609/97025241-d.html
906 _a7
_bcbc
_corignew
_d1
_eocip
_f19
_gy-gencatlg
942 _2ddc
_cREF